000
00288nam a22001337a 4500
008
170126b xxu||||| |||| 00| 0 eng d
020
_a
9780721690360
041
_a
eng
080
_a
618.2
100
_a
2
101
_a
INF
245
_a
ECG'S & THE HEART
_c
CHERNECKY, C
942
_2
udc
_c
BK
999
_c
3817
_d
3817